00872nam a2200265 a 450000100060000000300080000600500170001400800410003102000210007203500190009304000260011204100080013808200220014610000230016824501200019125000120031126000400032330000860036350000230044950400400047250500140051265000350052670000220056170000230058363159BD-RjUL20211209081150.0170128s1993 enkabch 001 0 eng d a0393962075 (v.1) a(BD-RjUL)63287 aBD-RjULbengcBD-RjUL aeng a909223bLEW 19931 aE. Lerner, Robert 10aWestern civilizations :btheir history and their culture /cRobert E. Lerner, Standish Meacham, Edward McNall Burns a12th ed aNew York ;aLondon :bNorton,c1993 a2 v. :bill. (some col.), maps (some col.), facsims., ports. (some col.) ;c24 cm aPrevious ed.: 1988 aIncludes bibliographical references aVol. 1 -- 0aCivilization, WesternxHistory1 aLerner, Robert E.1 aMeacham, Standish.